[Event "RUS-chT Rapid (Women)"]
[Site "Sochi"]
[Date "2022.10.18"]
[Round "5.12"]
[White "Serditykh, Olesya"]
[Black "Yurasova, Daria"]
[Result "0-1"]
[WhiteElo "1962"]
[BlackElo "2048"]
[PlyCount "124"]
[EventDate "2022.10.18"]
[EventType "team-swiss (rapid)"]
[EventRounds "9"]
[EventCountry "RUS"]
[SourceTitle "CBM 210 Extra"]
[Source "ChessBase"]
[SourceDate "2022.11.30"]
[SourceVersion "1"]
[SourceVersionDate "2022.11.30"]
[SourceQuality "1"]
[WhiteTeam "Krasnodar Kassiopeya (W)"]
[BlackTeam "St Petersburg SShOR (W)"]
[WhiteTeamCountry "RUS"]
[BlackTeamCountry "RUS"]

1. d4 d5 2. Nf3 Nf6 3. c4 dxc4 4. e3 e6 5. Bxc4 a6 6. a4 c5 7. 0-0 Nc6 8. Nc3 cxd4 9. exd4 Be7 10. Be3 0-0 11. Qe2 Nb4 12. Ne5 Bd7 13. Qf3 Bc6 14. Nxc6 bxc6 15. Rac1 Nbd5 16. Ne4 Nxe4 17. Qxe4 g6 18. Rfd1 Bf6 19. h3 Bg7 20. b3 Qb6 21. Bf4 Nxf4 22. Qxf4 Rfd8 23. Rd3 Rxd4 24. Rxd4 Bxd4 25. Rd1 c5 26. Rd3 Qb4 27. Qe4 Rd8 28. g3 a5 29. Kg2 Kg7 30. h4 h5 31. Rf3 Rd7 32. g4 hxg4 33. Qxg4 Qd2 34. h5 Qh6 35. Rh3 g5 36. Rg3 Bf6 37. f4 Rd2+ 38. Kh1 Qh8 39. fxg5 Be5 40. h6+ Kf8 41. Rg2 Rd4 42. Qf3 Ke7 43. Re2 Rh4+ 44. Kg2 Rd4 45. Bb5 Qb8 46. h7 Bg7 47. Qc6 Rg4+ 48. Kf1 Qf4+ 49. Rf2 Qc1+ 50. Ke2 Qc2+ 51. Kf3 Qd1+ 52. Be2 Qh1+ 53. Ke3 Qxc6 54. Bxg4 Qb6 55. Bh5 Qxb3+ 56. Ke2 f6 57. gxf6+ Bxf6 58. Bg6 Qc4+ 59. Bd3 Qg4+ 60. Kf1 Qh3+ 61. Ke2 Bd4 62. Rf3 Qg2+ 0-1

[Event "RUS-ch Rapid (Women)"]
[Site "Sochi"]
[Date "2022.10.15"]
[Round "1"]
[White "Girya, Olga"]
[Black "Serditykh, Olesya"]
[Result "1-0"]
[WhiteElo "2398"]
[BlackElo "1962"]
[PlyCount "123"]
[EventDate "2022.10.15"]
[EventType "swiss (rapid)"]
[EventRounds "11"]
[EventCountry "RUS"]
[SourceTitle "CBM 210 Extra"]
[Source "ChessBase"]
[SourceDate "2022.11.30"]
[SourceVersion "1"]
[SourceVersionDate "2022.11.30"]
[SourceQuality "1"]

1. d4 d5 2. c4 e6 3. Nc3 Nf6 4. cxd5 exd5 5. Bg5 c6 6. e3 Be7 7. Qc2 Nbd7 8. Nf3 0-0 9. Bd3 h6 10. Bh4 Re8 11. 0-0 Ne4 12. Bxe4 Bxh4 13. Bh7+ Kh8 14. Nxh4 Qxh4 15. Bd3 Nf6 16. Rae1 Bd7 17. f3 Rac8 18. Qf2 Qxf2+ 19. Kxf2 c5 20. dxc5 Rxc5 21. Rc1 Rec8 22. h4 Kg8 23. Rg1 Kf8 24. g4 g5 25. hxg5 hxg5 26. Rh1 Ke7 27. Ke2 b5 28. a3 a5 29. Kd2 b4 30. axb4 axb4 31. Na2 Rxc1 32. Nxc1 Be6 33. Bc2 Rd8 34. Nd3 b3 35. Bxb3 d4 36. Bxe6 dxe3+ 37. Kxe3 Kxe6 38. Rc1 Nd5+ 39. Ke2 Rb8 40. Kd2 Kd6 41. Ra1 Rh8 42. Ra6+ Ke7 43. Ra7+ Kf6 44. Nc5 Rh2+ 45. Kc1 Nf4 46. Ne4+ Ke5 47. Rd7 Ne2+ 48. Kb1 f5 49. Nxg5 fxg4 50. fxg4 Kf4 51. Ne6+ Kxg4 52. Ka2 Kf5 53. Nd4+ Nxd4 54. Rxd4 Ke5 55. Rd8 Rh7 56. b4 Rb7 57. Kb3 Rc7 58. b5 Rc1 59. Kb4 Rb1+ 60. Kc5 Rc1+ 61. Kb6 Ke6 62. Kb7 1-0

[Event "RUS-ch U20 Girls"]
[Site "Loo"]
[Date "2021.04.24"]
[Round "4"]
[White "Shafigullina, Zarina"]
[Black "Serditykh, Olesya"]
[Result "1-0"]
[WhiteElo "2293"]
[BlackElo "1961"]
[PlyCount "113"]
[EventDate "2021.04.21"]
[EventType "swiss"]
[EventRounds "9"]
[EventCountry "RUS"]
[SourceTitle "CBM 202 Extra"]
[Source "ChessBase"]
[SourceDate "2021.07.31"]
[SourceVersion "1"]
[SourceVersionDate "2021.07.31"]
[SourceQuality "1"]

1. d4 d5 2. c4 e6 3. Nf3 Nf6 4. g3 Be7 5. Bg2 0-0 6. Qc2 c6 7. 0-0 Nbd7 8. Nbd2 b6 9. e4 dxe4 10. Nxe4 Bb7 11. Rd1 Qc8 12. Nc3 Rd8 13. Bf4 Nf8 14. Ne5 Ng6 15. Nxg6 hxg6 16. Bh3 Rd7 17. Rd2 Qf8 18. a3 Rad8 19. Rad1 Ne8 20. Qa4 Ba8 21. Bg2 Bf6 22. Bxc6 Bxc6 23. Qxc6 Rxd4 24. Nb5 Rxd2 25. Rxd2 Rxd2 26. Bxd2 Qe7 27. Bb4 Qd8 28. Nxa7 Bxb2 29. Qc8 Bf6 30. Qxd8 Bxd8 31. Nc6 Bf6 32. c5 bxc5 33. Bxc5 Nc7 34. Kf1 Bc3 35. Ke2 f6 36. Kd3 Be1 37. Ke2 Bc3 38. Kd3 Be1 39. a4 Kf7 40. Ke2 Bc3 41. Kd3 Be1 42. f4 Ke8 43. Nd4 Kd7 44. Nf3 Ba5 45. Nh4 Na6 46. Bf8 Bb6 47. Kc4 Kc6 48. Nxg6 Bg1 49. h3 Nc5 50. Bxg7 Nxa4 51. h4 Nb6+ 52. Kd3 Nc8 53. h5 Nd6 54. h6 Nf7 55. h7 Bh2 56. Bxf6 Bxg3 57. Ne5+ 1-0

[Event "RUS-ch blitz (Women)"]
[Site "Sochi"]
[Date "2019.10.17"]
[Round "10"]
[White "Bykova, Anastasia"]
[Black "Serditykh, Olesya"]
[Result "1-0"]
[WhiteElo "2247"]
[BlackElo "1990"]
[PlyCount "103"]
[EventDate "2019.10.17"]
[EventType "swiss (blitz)"]
[EventRounds "15"]
[EventCountry "RUS"]
[SourceTitle "CBM 192 Extra"]
[Source "Chessbase"]
[SourceDate "2019.11.06"]
[SourceVersion "1"]
[SourceVersionDate "2019.11.06"]
[SourceQuality "1"]

1. d4 d5 2. c4 e6 3. g3 Nf6 4. Nf3 Be7 5. Bg2 0-0 6. 0-0 b6 7. Nc3 Bb7 8. cxd5 exd5 9. Ne5 Na6 10. Qa4 c5 11. Nc6 Bxc6 12. Qxc6 Nb4 13. Qa4 cxd4 14. Nb5 a6 15. Nxd4 Bc5 16. Rd1 b5 17. Qb3 Qb6 18. e3 Rfd8 19. a3 Nc6 20. Nxc6 Qxc6 21. Bd2 Rd7 22. Rac1 Qb6 23. Bc3 Rad8 24. Bd4 Bxd4 25. Rxd4 h6 26. Rcd1 Qc6 27. Qd3 Qc7 28. Qf5 Qc6 29. h4 Qc7 30. Qd3 Qc6 31. g4 Qe6 32. g5 hxg5 33. hxg5 Ne4 34. Bxe4 dxe4 35. Rxd7 exd3 36. Rxd8+ Kh7 37. R1xd3 Qg4+ 38. Kf1 Qxg5 39. R3d4 Qc5 40. Ke2 Qc2+ 41. Rd2 Qc4+ 42. Kd1 Qf1+ 43. Kc2 Qc4+ 44. Kb1 Qe4+ 45. Ka1 Qh1+ 46. Ka2 Qe4 47. R8d4 Qe6+ 48. Ka1 Qc6 49. Kb1 Qg6+ 50. Ka1 Qg1+ 51. Ka2 Qg6 52. Rh4+ 1-0

[Event "RUS-ch rapid (Women)"]
[Site "Sochi"]
[Date "2019.10.15"]
[Round "1"]
[White "Serditykh, Olesya"]
[Black "Maltsevskaya, Aleksandra"]
[Result "0-1"]
[WhiteElo "1915"]
[BlackElo "2304"]
[PlyCount "114"]
[EventDate "2019.10.15"]
[EventType "swiss"]
[EventRounds "11"]
[EventCountry "RUS"]
[SourceTitle "CBM 192 Extra"]
[Source "Chessbase"]
[SourceDate "2019.11.06"]
[SourceVersion "1"]
[SourceVersionDate "2019.11.06"]
[SourceQuality "1"]

1. d4 Nf6 2. Bg5 Ne4 3. Bf4 c5 4. f3 Qa5+ 5. c3 Nf6 6. d5 e6 7. e4 exd5 8. exd5 d6 9. Qe2+ Be7 10. Bxd6 Nxd5 11. Qb5+ Qxb5 12. Bxb5+ Bd7 13. Bxd7+ Nxd7 14. Bxe7 Nxe7 15. Na3 0-0-0 16. 0-0-0 Ne5 17. Rxd8+ Rxd8 18. Nh3 Nf5 19. Nf2 Nh4 20. Rg1 Neg6 21. Nh3 Re8 22. Nb5 Re2 23. Nd6+ Kb8 24. Ne4 Nxg2 25. Ng3 N2f4 26. Nxe2 Nxe2+ 27. Kd2 Nxg1 28. Nxg1 Kc7 29. Nh3 Ne5 30. Ke2 f6 31. Nf4 Kd6 32. Nh5 Nc4 33. b3 Nb6 34. Nxg7 c4 35. Nh5 Ke5 36. f4+ Ke6 37. Ke3 Nd5+ 38. Kd4 cxb3 39. axb3 Ne7 40. Ke4 Nc8 41. f5+ Ke7 42. Ng3 Nd6+ 43. Kd5 Nb5 44. Kc4 a6 45. Kb4 Kd6 46. c4 Nd4 47. Kc3 Nc6 48. b4 Ke5 49. b5 axb5 50. cxb5 Nd4 51. Kc4 b6 52. Nf1 Nxf5 53. Nd2 Nd6+ 54. Kb4 f5 55. Nf3+ Kf4 56. Nd4 Ke4 57. Ne6 h6 0-1

[Event "Sochi ChessAmateur op10"]
[Site "Sochi"]
[Date "2018.10.14"]
[Round "4"]
[White "Serditykh, Olesya"]
[Black "Tikhonov, Viacheslav"]
[Result "1/2-1/2"]
[WhiteElo "1890"]
[BlackElo "2105"]
[PlyCount "119"]
[EventDate "2018.10.12"]
[EventType "swiss"]
[EventRounds "9"]
[EventCountry "RUS"]
[SourceTitle "CBM 187 Extra"]
[Source "ChessBase"]
[SourceDate "2018.11.04"]
[SourceVersion "1"]
[SourceVersionDate "2018.11.04"]
[SourceQuality "1"]

1. d4 Nf6 2. c4 g6 3. Nc3 d5 4. cxd5 Nxd5 5. e4 Nxc3 6. bxc3 c5 7. Be3 Bg7 8. Bc4 Nc6 9. Ne2 0-0 10. 0-0 Na5 11. Bd3 b6 12. Rb1 Be6 13. d5 Bc8 14. c4 e6 15. Bd2 Nb7 16. Bc3 e5 17. Qc2 f5 18. f4 fxe4 19. Bxe4 exf4 20. Bxg7 Kxg7 21. Nxf4 Nd6 22. Bd3 Nf5 23. Bxf5 Bxf5 24. Qb2+ Kg8 25. Rbe1 Qd6 26. g3 Rae8 27. Qd2 Bd7 28. Rxe8 Rxe8 29. Re1 Rxe1+ 30. Qxe1 a6 31. Qc3 Qe7 32. Kf2 Qg7 33. Qxg7+ Kxg7 34. Nd3 Kf6 35. Ke3 Bf5 36. Nb2 Bd7 37. Nd3 Ke7 38. Ne5 Be8 39. Nd3 Kd6 40. Nf2 Bd7 41. Ne4+ Ke5 42. a3 h6 43. Nc3 b5 44. Ne4 bxc4 45. Nxc5 Bc8 46. d6 Kxd6 47. Kd4 g5 48. Kxc4 Ke5 49. Kd3 Kd5 50. Nb3 Bf5+ 51. Ke3 Kc4 52. Nd4 Bd7 53. h4 gxh4 54. gxh4 Kc3 55. Ke4 Kb2 56. Nf5 h5 57. Ng3 Bg4 58. Kd3 Kxa3 59. Kc3 Ka4 60. Kb2 1/2-1/2

[Event "Sochi ChessAmateur op10"]
[Site "Sochi"]
[Date "2018.10.13"]
[Round "2"]
[White "Serditykh, Olesya"]
[Black "Sysolyatin, Evgeny Valerievich"]
[Result "0-1"]
[WhiteElo "1890"]
[BlackElo "2315"]
[PlyCount "106"]
[EventDate "2018.10.12"]
[EventType "swiss"]
[EventRounds "9"]
[EventCountry "RUS"]
[SourceTitle "CBM 187 Extra"]
[Source "ChessBase"]
[SourceDate "2018.11.04"]
[SourceVersion "1"]
[SourceVersionDate "2018.11.04"]
[SourceQuality "1"]

1. d4 d5 2. Nf3 Nf6 3. c4 c6 4. Nc3 a6 5. e3 g6 6. b3 Bg7 7. Bb2 0-0 8. Bd3 Bg4 9. 0-0 Nbd7 10. cxd5 cxd5 11. Be2 e6 12. Nd2 Bxe2 13. Qxe2 Qe7 14. Rac1 Rfc8 15. Rc2 Rc6 16. Rfc1 Rac8 17. Nf3 Qd6 18. Nb1 Ne4 19. Rxc6 Rxc6 20. Rxc6 Qxc6 21. Qd1 Bf8 22. Qc1 Qxc1+ 23. Bxc1 Bb4 24. Kf1 Kf8 25. Ke2 Ke7 26. Nfd2 Ndf6 27. f3 Nxd2 28. Bxd2 Bd6 29. h3 Nd7 30. Nc3 Nb8 31. e4 Nc6 32. Be3 Nb4 33. Kd2 dxe4 34. fxe4 f5 35. a3 Nc6 36. b4 Na7 37. Kd3 Nb5 38. Nb1 Kd7 39. Bd2 Be7 40. e5 Kc6 41. a4 Nc7 42. a5 h5 43. Kc4 Nd5 44. Na3 g5 45. Nc2 f4 46. Kd3 g4 47. hxg4 hxg4 48. Ke4 Bg5 49. Be1 Kb5 50. Kd3 Be7 51. Na3+ Ka4 52. Nc4 Bxb4 53. Bxb4 Nxb4+ 0-1

[Event "Sochi Doroshkevich Amateur op"]
[Site "Sochi"]
[Date "2017.12.26"]
[Round "7"]
[White "Serditykh, Olesya"]
[Black "Krapivin, Vladislav"]
[Result "0-1"]
[WhiteElo "1953"]
[BlackElo "2318"]
[PlyCount "94"]
[EventDate "2017.12.21"]
[EventType "swiss"]
[EventRounds "9"]
[EventCountry "RUS"]
[SourceTitle "CBM 182 Extra"]
[Source "ChessBase"]
[SourceDate "2018.02.23"]
[SourceVersion "1"]
[SourceVersionDate "2018.02.23"]
[SourceQuality "1"]

1. c4 Nf6 2. Nc3 d6 3. g3 c6 4. Bg2 e5 5. d3 Be6 6. e4 d5 7. exd5 cxd5 8. Bg5 Bb4 9. Nge2 Nc6 10. 0-0 dxc4 11. dxc4 Qxd1 12. Rfxd1 Bxc4 13. b3 Ba6 14. a3 Be7 15. Nc1 Rd8 16. Rxd8+ Bxd8 17. Ra2 0-0 18. Rd2 Nd4 19. Be3 Bb6 20. Bxd4 Bxd4 21. N1e2 Rd8 22. Nxd4 Rxd4 23. Rc2 Kf8 24. h3 b6 25. b4 Bc4 26. Ne2 Rd1+ 27. Kh2 b5 28. Nc3 Rd6 29. Ne4 Nxe4 30. Bxe4 g6 31. g4 f6 32. Rc3 Ke7 33. a4 a6 34. a5 Ke6 35. Rf3 Bd5 36. Bxd5+ Rxd5 37. Rc3 Kd7 38. Rf3 Rd6 39. Kg3 e4 40. Rf4 Re6 41. Kg2 Kc6 42. g5 f5 43. f3 Kd5 44. Rh4 Re7 45. fxe4+ fxe4 46. Rf4 Kc4 47. Rf6 Ra7 0-1

[Event "Sochi Doroshkevich Amateur op"]
[Site "Sochi"]
[Date "2017.12.25"]
[Round "6"]
[White "Okun, Evgeny"]
[Black "Serditykh, Olesya"]
[Result "0-1"]
[WhiteElo "2187"]
[BlackElo "1953"]
[PlyCount "67"]
[EventDate "2017.12.21"]
[EventType "swiss"]
[EventRounds "9"]
[EventCountry "RUS"]
[SourceTitle "CBM 182 Extra"]
[Source "ChessBase"]
[SourceDate "2018.02.23"]
[SourceVersion "1"]
[SourceVersionDate "2018.02.23"]
[SourceQuality "1"]

1. f4 d5 2. g3 g6 3. Nf3 Bg7 4. Bg2 e6 5. d3 Ne7 6. 0-0 b6 7. c4 Bb7 8. Ne5 0-0 9. Nc3 Nd7 10. Nxd7 Qxd7 11. e4 dxc4 12. dxc4 Bd4+ 13. Kh1 c5 14. Nb5 Rfd8 15. Nxd4 Qxd4 16. Qe2 Qd3 17. Qxd3 Rxd3 18. b3 Rad8 19. Bb2 f5 20. Bf6 Kf7 21. Bxe7 Kxe7 22. exf5 Bxg2+ 23. Kxg2 exf5 24. Rfe1+ Kf7 25. Re2 Rd2 26. Kf2 R8d7 27. Rc1 Rd1 28. Rxd1 Rxd1 29. h3 h5 30. Rb2 a5 31. Ke2 Rh1 32. Kf3 Rd1 33. Re2 Rd3+ 34. Kg2 0-1

[Event "Sochi Doroshkevich Amateur op"]
[Site "Sochi"]
[Date "2017.12.24"]
[Round "4"]
[White "Mumdgan, Suren"]
[Black "Serditykh, Olesya"]
[Result "0-1"]
[WhiteElo "2220"]
[BlackElo "1953"]
[PlyCount "60"]
[EventDate "2017.12.21"]
[EventType "swiss"]
[EventRounds "9"]
[EventCountry "RUS"]
[SourceTitle "CBM 182 Extra"]
[Source "ChessBase"]
[SourceDate "2018.02.23"]
[SourceVersion "1"]
[SourceVersionDate "2018.02.23"]
[SourceQuality "1"]

1. d4 d5 2. c4 e6 3. Nf3 Nf6 4. Nc3 Be7 5. Bf4 0-0 6. e3 b6 7. Bd3 Bb7 8. 0-0 Nbd7 9. cxd5 exd5 10. Nb5 c5 11. Nd6 Bxd6 12. Bxd6 Re8 13. Rc1 c4 14. Bf5 Nf8 15. Bg3 Bc8 16. Bb1 Bg4 17. h3 Bh5 18. Re1 Ne4 19. Bh2 Ng5 20. Bf5 Bxf3 21. gxf3 g6 22. f4 gxf5 23. fxg5 Qxg5+ 24. Kh1 Qh4 25. Rg1+ Ng6 26. Qf3 Qe4 27. Qxe4 Rxe4 28. Rg5 Rh4 29. Rxf5 Rd8 30. Kg2 Rd7 0-1

[Event "Moscow op-B (Women) 13th"]
[Site "Moscow"]
[Date "2017.02.04"]
[Round "8"]
[White "Kirchei, Viktoriia"]
[Black "Serditykh, Olesya"]
[Result "1-0"]
[WhiteElo "1666"]
[BlackElo "1899"]
[PlyCount "59"]
[EventDate "2017.01.28"]
[EventType "swiss"]
[EventRounds "9"]
[EventCountry "RUS"]
[SourceTitle "EXT 2018"]
[Source "ChessBase"]
[SourceDate "2017.10.13"]
[SourceVersion "1"]
[SourceVersionDate "2017.10.13"]
[SourceQuality "1"]

1. d3 g6 2. g3 Bg7 3. Bg2 e5 4. Nd2 Ne7 5. e4 d6 6. Ne2 Be6 7. f4 c6 8. fxe5 dxe5 9. 0-0 h5 10. Nf3 Bg4 11. h3 Bxf3 12. Rxf3 Qd7 13. Bg5 Na6 14. Qf1 Rf8 15. h4 Ng8 16. Be3 Nh6 17. Bxh6 Bxh6 18. c3 Bg7 19. Rd1 Qe7 20. d4 exd4 21. Nxd4 Nc7 22. Qc4 0-0-0 23. Re1 Kb8 24. Kh1 f5 25. e5 Qf7 26. Qb4 Qe8 27. Rxf5 Nd5 28. Rxf8 Bxf8 29. Qb3 Bc5 30. Nxc6+ 1-0

[Event "Moscow op-B (Women) 13th"]
[Site "Moscow"]
[Date "2017.02.01"]
[Round "5"]
[White "Serditykh, Olesya"]
[Black "Lingur, Zalina"]
[Result "1/2-1/2"]
[WhiteElo "1899"]
[BlackElo "2137"]
[PlyCount "144"]
[EventDate "2017.01.28"]
[EventType "swiss"]
[EventRounds "9"]
[EventCountry "RUS"]
[SourceTitle "EXT 2018"]
[Source "ChessBase"]
[SourceDate "2017.10.13"]
[SourceVersion "1"]
[SourceVersionDate "2017.10.13"]
[SourceQuality "1"]

1. d4 Nf6 2. Nf3 e6 3. g3 b6 4. Bg2 Bb7 5. 0-0 d5 6. c4 Bd6 7. Nc3 0-0 8. Ne5 c5 9. cxd5 cxd4 10. Qxd4 Bc5 11. Qd1 Nxd5 12. Nxd5 Bxd5 13. Bxd5 exd5 14. Nd3 Nc6 15. Bf4 Rc8 16. Rc1 Nd4 17. Bd2 Re8 18. Re1 Ne6 19. Bb4 Qf6 20. Bxc5 bxc5 21. Qd2 c4 22. Nb4 d4 23. Nd5 Qe5 24. Nf4 Nxf4 25. Qxf4 Qxf4 26. gxf4 f5 27. e3 d3 28. Red1 Red8 29. Rd2 Kf7 30. Rc3 Ke6 31. a3 Kd5 32. b3 Ke4 33. bxc4 Kf3 34. c5 Rc6 35. h3 Rg6+ 36. Kh1 Rg2 37. Rdxd3 Rxd3 38. Rxd3 Rxf2 39. Rc3 Rf1+ 40. Kh2 Rf2+ 41. Kg1 Rd2 42. c6 Rd8 43. c7 Rc8 44. Kf1 h5 45. Kg1 h4 46. Kh2 Ke2 47. Kg2 g6 48. a4 Kd2 49. Rb3 Rxc7 50. Kf2 Rc4 51. a5 Ra4 52. Rb5 Kc3 53. Rd5 Kb4 54. Rd6 Rxa5 55. Rxg6 Rc5 56. Ra6 Rc7 57. Kf3 Kb5 58. Rf6 Rc5 59. Rh6 a5 60. Rxh4 a4 61. Rh8 Kb4 62. Rb8+ Rb5 63. Ra8 a3 64. e4 fxe4+ 65. Kxe4 Ra5 66. Rb8+ Kc3 67. Rb1 a2 68. Ra1 Kb2 69. Rxa2+ Kxa2 70. f5 Kb3 71. h4 Kc4 72. h5 Ra8 1/2-1/2

[Event "Moscow op-B (Women) 13th"]
[Site "Moscow"]
[Date "2017.01.30"]
[Round "3"]
[White "Serditykh, Olesya"]
[Black "Ivanova, Elina"]
[Result "1/2-1/2"]
[WhiteElo "1899"]
[BlackElo "1578"]
[PlyCount "81"]
[EventDate "2017.01.28"]
[EventType "swiss"]
[EventRounds "9"]
[EventCountry "RUS"]
[SourceTitle "EXT 2018"]
[Source "ChessBase"]
[SourceDate "2017.10.13"]
[SourceVersion "1"]
[SourceVersionDate "2017.10.13"]
[SourceQuality "1"]

1. d4 d5 2. Nf3 e6 3. c4 Nf6 4. Nc3 Be7 5. Bf4 a6 6. e3 0-0 7. Be2 Nbd7 8. c5 Nh5 9. Bg3 c6 10. Qc2 f5 11. Be5 Qe8 12. g3 Nhf6 13. Bc7 Ne4 14. Bd3 Bf6 15. Na4 Bd8 16. Bxd8 Qxd8 17. b4 Qe7 18. Ne5 Nxe5 19. dxe5 Bd7 20. Nb6 Rad8 21. f4 Be8 22. Bxe4 fxe4 23. Qe2 Bg6 24. Rd1 Qf7 25. Rd4 Bh5 26. g4 Bg6 27. Kd2 Qe7 28. h4 Be8 29. Kc3 Qc7 30. Qh2 h5 31. Rg1 hxg4 32. Rxg4 Bh5 33. Rg5 g6 34. Qg3 Kh7 35. Rd2 Qe7 36. Rg2 Qf7 37. Kd4 Rg8 38. Qf2 Rdf8 39. Qb2 Qe8 40. a4 Rg7 41. a5 1/2-1/2

[Event "Moscow op-B (Women) 13th"]
[Site "Moscow"]
[Date "2017.01.29"]
[Round "2"]
[White "Protopopova, Anastasiya"]
[Black "Serditykh, Olesya"]
[Result "1-0"]
[WhiteElo "2176"]
[BlackElo "1899"]
[PlyCount "57"]
[EventDate "2017.01.28"]
[EventType "swiss"]
[EventRounds "9"]
[EventCountry "RUS"]
[SourceTitle "EXT 2018"]
[Source "ChessBase"]
[SourceDate "2017.10.13"]
[SourceVersion "1"]
[SourceVersionDate "2017.10.13"]
[SourceQuality "1"]

1. d4 d5 2. Nf3 Nf6 3. c4 e6 4. g3 Be7 5. Bg2 0-0 6. 0-0 dxc4 7. Qc2 Bd7 8. Qxc4 Bc6 9. Nc3 Nbd7 10. Qd3 Bxf3 11. Bxf3 c6 12. Bf4 Nd5 13. Nxd5 exd5 14. b4 a6 15. Rfb1 b5 16. Rc1 Rc8 17. e4 Bxb4 18. exd5 c5 19. dxc5 Bxc5 20. Rc2 Bb6 21. Rxc8 Qxc8 22. Rc1 Qd8 23. d6 Nc5 24. Qd5 Ne6 25. Be5 h6 26. d7 Bc7 27. Bxc7 Nxc7 28. Qd6 Ne6 29. Rc8 1-0

[Event "Moscow op-B (Women) 13th"]
[Site "Moscow"]
[Date "2017.01.28"]
[Round "1"]
[White "Serditykh, Olesya"]
[Black "Doluhanova, Evgeniya"]
[Result "1/2-1/2"]
[WhiteElo "1899"]
[BlackElo "2259"]
[PlyCount "79"]
[EventDate "2017.01.28"]
[EventType "swiss"]
[EventRounds "9"]
[EventCountry "RUS"]
[SourceTitle "EXT 2018"]
[Source "ChessBase"]
[SourceDate "2017.10.13"]
[SourceVersion "1"]
[SourceVersionDate "2017.10.13"]
[SourceQuality "1"]

1. d4 Nf6 2. Nf3 e6 3. g3 b5 4. Bg2 Bb7 5. 0-0 Be7 6. a4 b4 7. c3 bxc3 8. bxc3 d5 9. Ne5 0-0 10. Ba3 Nbd7 11. Nxd7 Nxd7 12. c4 Rb8 13. cxd5 Bxd5 14. Bxd5 exd5 15. Qc2 Re8 16. e3 h5 17. Rc1 c5 18. dxc5 Bxc5 19. Bxc5 Rc8 20. Qd1 Nxc5 21. Nc3 Re5 22. Rab1 Ne6 23. Ne2 Rxc1 24. Rxc1 Re4 25. Nc3 Rc4 26. Ne2 Rxc1 27. Nxc1 Qa5 28. Nd3 Qc3 29. Nf4 Nxf4 30. gxf4 g6 31. Kg2 Qc4 32. Qa1 a5 33. Qa3 Qe4+ 34. Kg1 Qb4 35. Qa1 Qe4 36. Qa3 f6 37. Qb3 f5 38. Qb8+ Kg7 39. Qb2+ Kf7 40. Qb3 1/2-1/2

[Event "Satka Autumn op (Women)"]
[Site "Satka"]
[Date "2016.09.29"]
[Round "9"]
[White "Mironenko, Galina"]
[Black "Serditykh, Olesya"]
[Result "0-1"]
[WhiteElo "1734"]
[BlackElo "1761"]
[PlyCount "76"]
[EventDate "2016.09.21"]
[EventType "swiss"]
[EventRounds "9"]
[EventCountry "RUS"]
[SourceTitle "EXT 2017"]
[Source "ChessBase"]
[SourceDate "2016.10.25"]
[SourceVersion "1"]
[SourceVersionDate "2016.10.25"]
[SourceQuality "1"]

1. b3 e5 2. Bb2 f6 3. e3 d5 4. f4 exf4 5. exf4 c6 6. d4 Nh6 7. Qe2+ Kf7 8. Nd2 Bg4 9. Ngf3 Bd6 10. 0-0-0 Bxf4 11. h3 Re8 12. Qf2 Bf5 13. g4 Be4 14. Bg2 Qc7 15. Rhf1 Kg8 16. Ne1 Bg3 17. Qe3 Bg6 18. Qc3 Nd7 19. Nd3 Nf7 20. Nc5 Nxc5 21. Qxc5 Re3 22. Qa3 Bd6 23. Qa4 a5 24. b4 b5 25. Qb3 Rxb3 26. axb3 Bxb4 27. h4 a4 28. bxa4 bxa4 29. h5 Be4 30. Bxe4 dxe4 31. Nxe4 a3 32. Ba1 Nd6 33. Nxd6 Qxd6 34. c3 Ba5 35. Rf2 Qg3 36. Rc2 Rb8 37. d5 Qe3+ 38. Rdd2 cxd5 0-1

[Event "Satka Autumn op"]
[Site "Satka"]
[Date "2016.09.22"]
[Round "2"]
[White "Serditykh, Olesya"]
[Black "Mirgalina, Anna"]
[Result "1-0"]
[WhiteElo "1761"]
[BlackElo "1167"]
[PlyCount "101"]
[EventDate "2016.09.21"]
[EventType "swiss"]
[EventRounds "9"]
[EventCountry "RUS"]
[SourceTitle "CBM 174 Extra"]
[Source "ChessBase"]
[SourceDate "2016.10.10"]
[SourceVersion "1"]
[SourceVersionDate "2016.10.10"]
[SourceQuality "1"]

1. g4 c5 2. Bg2 d6 3. d3 Qc7 4. h3 Nc6 5. c4 g6 6. Nc3 Bg7 7. e3 e6 8. Nge2 Nge7 9. d4 cxd4 10. exd4 a6 11. Be3 Bd7 12. 0-0 0-0 13. Rc1 Rac8 14. Ne4 f5 15. N4c3 Qd8 16. f4 Kh8 17. g5 Qe8 18. Ng3 e5 19. Nce2 exd4 20. Bxd4 Nxd4 21. Nxd4 Nc6 22. Nf3 Qe3+ 23. Kh1 Bxb2 24. Rb1 Ba3 25. Rb3 Qc5 26. Ne1 Bb4 27. Qa1+ Kg8 28. Bd5+ Rf7 29. Nd3 Qe3 30. Nxb4 Nxb4 31. Rxe3 Rcf8 32. Bxf7+ Rxf7 33. Qb2 Nc6 34. Rd1 Bc8 35. Rxd6 Rf8 36. Rxc6 bxc6 37. Re7 Rf7 38. Re8+ Rf8 39. Rxf8+ Kxf8 40. Qh8+ Ke7 41. Qxc8 Kd6 42. Qf8+ Kd7 43. c5 Ke6 44. Qg8+ Ke7 45. Ne2 Kd7 46. Nd4 Kc7 47. Qf7+ Kc8 48. Ne6 Kb8 49. Qc7+ Ka8 50. Nd8 a5 51. Qb7# 1-0

[Event "Nebug op"]
[Site "Nebug"]
[Date "2016.03.28"]
[Round "8.2"]
[White "Savelkova, Anastasiya"]
[Black "Serditykh, Olesya"]
[Result "1-0"]
[WhiteElo "1771"]
[BlackElo "1893"]
[PlyCount "47"]
[EventDate "2016.03.22"]
[EventType "tourn"]
[EventRounds "9"]
[EventCountry "RUS"]
[SourceTitle "EXT 2022"]
[Source "ChessBase"]
[SourceDate "2021.10.06"]
[SourceVersion "1"]
[SourceVersionDate "2021.10.06"]
[SourceQuality "1"]

1. e4 d5 2. exd5 Qxd5 3. Nc3 Qd6 4. d4 Nf6 5. Nf3 c6 6. Ne5 Nbd7 7. Nc4 Qc7 8. g3 Nd5 9. Bg2 e6 10. 0-0 Be7 11. Re1 0-0 12. Nxd5 cxd5 13. Ne5 Bd6 14. f4 f5 15. c3 Nf6 16. Bd2 Ne4 17. Rc1 Bxe5 18. fxe5 b5 19. Bxe4 fxe4 20. Qg4 Bd7 21. Bh6 Rf7 22. Rf1 Raf8 23. Rf6 e3 24. Rcf1 1-0

[Event "Nebug op"]
[Site "Nebug"]
[Date "2016.03.27"]
[Round "7.5"]
[White "Serditykh, Olesya"]
[Black "Demchenko, Alisa"]
[Result "1-0"]
[WhiteElo "1893"]
[BlackElo "1822"]
[PlyCount "63"]
[EventDate "2016.03.22"]
[EventType "tourn"]
[EventRounds "9"]
[EventCountry "RUS"]
[SourceTitle "EXT 2022"]
[Source "ChessBase"]
[SourceDate "2021.10.06"]
[SourceVersion "1"]
[SourceVersionDate "2021.10.06"]
[SourceQuality "1"]

1. d4 Nf6 2. c4 g6 3. Nc3 Bg7 4. Nf3 0-0 5. e4 d6 6. Be2 Bg4 7. Ng1 Bxe2 8. Ngxe2 Nc6 9. f3 e5 10. Be3 exd4 11. Nxd4 Nd7 12. 0-0 Nde5 13. b3 Nxd4 14. Bxd4 c5 15. Bxe5 Bxe5 16. Qc2 f5 17. Rae1 Qh4 18. g3 Qh5 19. Kg2 Rae8 20. Nd5 fxe4 21. Rxe4 Bd4 22. Qd3 Rxe4 23. Qxe4 Qe5 24. Re1 Kf7 25. Qb1 Qg5 26. Re7+ Qxe7 27. Nxe7 Kxe7 28. Qe4+ Kf6 29. Qd5 Re8 30. Qxd6+ Kf7 31. Qd5+ Kf6 32. Kf1 1-0